LEADER 00688nam a2200205 i 4500 001 991004415428307536 005 20260122163458.0 008 260122s2019 it r 001 0 ita 020 $a9788823846388 040 $aBibl. Dip.le Aggr. Scienze Giuridiche - Sez. Studi Giuridici$bita 082 04$a343.034 100 1 $aTesta, Luigi$0136273 245 13$aIl bilancio in Parlamento :$belementi per una comparazione /$cLuigi Testa 260 $aMilano :$bEGEA,$c2019 300 $a252 p. ;$c25 cm 490 1 $aCollana di diritto dell'economia ;$v34 650 4$aBilanci statali$xDiritto comparato 912 $a991004415428307536 996 $aBilancio in Parlamento$94527986 997 $aUNISALENTO